Monthly Statistical Bulletin May 2010 (Record no. 587787)

000 -LEADER
fixed length control field 00377nam a22001217a 4500
082 ## - DEWEY DECIMAL CLASSIFICATION NUMBER
Classification number 332.1224 SBP
100 ## - MAIN ENTRY--PERSONAL NAME
Personal name Sate Bank of Pakistan
245 ## - TITLE STATEMENT
Title Monthly Statistical Bulletin May 2010
Statement of responsibility, etc. Sate Bank of Pakistan
260 ## - PUBLICATION, DISTRIBUTION, ETC.
Place of publication, distribution, etc. Karachi
Name of publisher, distributor, etc. Publication Deptt Sate Bank of Pakistan
Date of publication, distribution, etc. 2010
300 ## - PHYSICAL DESCRIPTION
Extent 250p
942 ## - ADDED ENTRY ELEMENTS (KOHA)
Source of classification or shelving scheme
Koha item type Book
Holdings
Withdrawn status Lost status Source of classification or shelving scheme Damaged status Not for loan Permanent Location Current Location Date acquired Full call number Barcode Date last seen Price effective from Koha item type Public note
          Central Library (CL) Central Library (CL) 02/06/2022 332.1224 SBP S3H-N-1672 02/06/2022 02/06/2022 Book NBSR-3
© 2023 Central Library, National University of Sciences and Technology. All Rights Reserved.